| 000 | 00698cam a2200265 4500 | ||
|---|---|---|---|
| 008 | 090401t1997 xxu||||| |||| 00| 0 eng d | ||
| 020 | _a0419230602 | ||
| 035 | _a(Sirsi) u81742 | ||
| 041 | _aeng | ||
| 050 | _a692.5 | ||
| 245 | _aSpon`s architects` and builders` price book 1998. | ||
| 250 | _a123rd ed. | ||
| 260 |
_aLondon _bE & FN Spon _c1997 |
||
| 300 | _axxviii, 908p. ; 24cm. | ||
| 350 | _a72.5 | ||
| 650 | _aARCHITECTURE | ||
| 650 | _aBUILT ENVIRONMENT-BUILDING COSTS | ||
| 650 | _aBUILT ENVIRONMENT | ||
| 650 | _aLABOUR COSTS | ||
| 650 | _aBUILDING PRICE BOOKS | ||
| 690 | _aBUILT ENVIRONMENT-BUILDING COSTS | ||
| 700 |
_h _xEditor |
||
| 942 | _n0 | ||
| 948 | _c29/10/1997 | ||
| 999 |
_c96745 _d96745 |
||